ბათუმის შოთა რუსთაველის სახელმწიფო უნივერსიტეტის ბიბლიოთეკა

აგრო-ბიოტექნოლოგია (ბიბ.ჩანაწერი № 50761)

000 -LEADER
fixed length control field 00801nam a2200217Ia 4500
001 - CONTROL NUMBER
control field 17713
003 - CONTROL NUMBER IDENTIFIER
control field GE_BSU
008 - FIXED-LENGTH DATA ELEMENTS--GENERAL INFORMATION
fixed length control field 181216s||||||||xx |||||||||||||| ||und||
020 ## - INTERNATIONAL STANDARD BOOK NUMBER
International Standard Book Number 5509013453
040 ## - CATALOGING SOURCE
Transcribing agency GE_BSU
080 ## - UNIVERSAL DECIMAL CLASSIFICATION NUMBER
Universal Decimal Classification number 631.5:578(076)
245 ## - TITLE STATEMENT
Title აგრო-ბიოტექნოლოგია
245 ## - TITLE STATEMENT
Remainder of title დამხმ სახ-ლო ლაბორატორიულ-პრაქტიკული სამუშაოებისათვის
245 ## - TITLE STATEMENT
Statement of responsibility, etc. შემდგ.ვ.ქობალია
260 ## - PUBLICATION, DISTRIBUTION, ETC.
Place of publication, distribution, etc. ქუთაისი
260 ## - PUBLICATION, DISTRIBUTION, ETC.
Date of publication, distribution, etc. 2013
300 ## - PHYSICAL DESCRIPTION
Extent 125გვ.21სმ.
300 ## - PHYSICAL DESCRIPTION
Accompanying material ბიბლ.გვ.105. ცხრ-ბი გვ.107-114.სურ. გვ.115-122
653 ## - INDEX TERM--UNCONTROLLED
Uncontrolled term აგრო-ბიოტექნოლოგია
942 ## - ADDED ENTRY ELEMENTS (KOHA)
Koha item type წიგნი
ეგზემპლარები
Withdrawn status Lost status Damaged status Not for loan Date acquired Barcode Date last seen Price effective from Koha item type
        2018-12-17 41570 2018-12-17 2018-12-17 წიგნი
        2018-12-17 41569 2018-12-17 2018-12-17 წიგნი